00773nam a2200169 a 4500003000200000005001700002008004100019050002700060100001600087245016500103260009000268300002300358504004100381650006400422650005100486650006600537020250313083716.0090729s19uu xx 00 eng d aPHS HB 3717b.K49 2009 aKim, Alice. aTo what extent did famine affect the quality, quantity, and acquisition of food of the middle class in the years 1932-1933 of the great depression /cAlice Kim. aLas Piñas City, Philippines :bSouthville International School and Colleges,c2009. a18 pages ;c28 cm. aIncludes bibliographical references. aGreat Depression, 1929zUnited StatesxEconomic conditions. aFamineszUnited StatesxHistoryv20th century. aMiddle classzUnited StatesxSocial conditionsv20th century.